000 00217 a2200085 4500
020 _a9789383419265
100 _aBEDI, HARMIT SINGH
245 _aSMART URBAN AND RURAL PLANNING TECHNIQUES
260 _bGHAZIABAD COPAL
_c 2016
999 _c13159
_d13159